00697nam a22002057a 450000500170000001000150001702000260003203500130005803700130007108200100008424500990009426000380019327000430023130000250027450000340029952000980033370000150043170000210044670000240046720141128123404.0 aENG-111253 a9788125055198c625.00 aEN-94785 bDBAD/PUB a891.4 aEnglish in the dalit context /cedited by Alladi Uma, K. Suneetha Rani [and] D. Murali Manohar aNew DelhibOrient Blackswanc2014 a1/24, Asaf Ali RoadbNew Delhie110002 avii, 182p.c23cm(Hb) a English in the dalit context aProceedings of the National Seminar on English in the Dalit Context held at Hyderabad in 2011 aAlladi Uma aSuneetha Rani,K. aMurali Manohar, D.